MDQL
is popping MORE tags! Check the
thread
!
Quizzes
Events
Quiz Creation
Community
Videos
Private Events
Remove Ads
Sign In
Join for FREE
Feedback
Dark Mode
Quiz Categories
Sports
Geography
Music
Movies
Television
Just For Fun
Miscellaneous
History
Literature
Language
Science
Gaming
Entertainment
Religion
Holiday
For Kids
Quiz Lab
Recent
Popular Today
Quiz Kudos Today
Editor Picks
Curator Picks
Quizzes by...
Day
Popularity
Type
Ratings
Length
Year
Community
Subscriptions
Recent Discussions
Orange Saloon
Badges
Playlists
Quests
Create
Leaderboards
Showdown
Live 5
Trivia Bingo
Activity
Puzzle Library
Sporcle Events
Private Events
Virtual Trivia
Globe League
Become a Host
Pub Owners
SporcleCon
Opinionation
Our Games
Videos
Blog
Mobile Apps
Partnerships
Remove Ads and Go Orange
Feedback
Sports
Athletes
MLB
NBA
NHL
NFL
Soccer
Sports Teams
WWE
NCAA
Football
Premier League
Basketball
Baseball
Hockey
Golf
Tennis
Cricket
Rugby
Auto Racing
Olympics
World Cup
Sports
Athletes
MLB
NBA
NHL
NFL
Soccer
Sports Teams
WWE
NCAA
Football
Premier League
Basketball
Baseball
Hockey
Golf
Tennis
Cricket
Rugby
Auto Racing
Olympics
World Cup
Random Quiz
Search Sporcle
×
Quiz Lab
Quiz Lab
Sports
NCAA
Type in answers that appear in a list
Type in answers that appear in a list
Classic
Best Score? Go Orange.
Kansas NCAA tournament opponents Stats
Can you name the Kansas NCAA tournament opponents since 1992?
By
LaBradford22
10m
59 Questions
473 Plays
473 Plays
473 Plays
Comments
Comments
Give Quiz Kudos
Give Quiz Kudos
-
- Ratings
hide this ad
Replay
Link that replays current quiz
Next Quiz
Link to next quiz in quiz playlist
You Got
0%
They Got
Avg Score
59%
Avg Friend Score
Upgrade to see
Score Distribution
Jump to the score distribution portion of the page
Score
0/59
Timer
10:00
0
Plays Today
Year
Opponent
% Correct
2008
North Carolina
96.6%
1993
North Carolina
96.6%
2008
Memphis
93.4%
2009
Michigan State
93%
2003
Duke
92%
2000
Duke
92%
2007
UCLA
90.3%
2003
Syracuse
88.8%
2001
Syracuse
88.8%
1996
Syracuse
88.8%
2003
Arizona
86.3%
1997
Arizona
86.3%
1996
Arizona
86.3%
2007
Kentucky
85.2%
1999
Kentucky
85.2%
2005
Bucknell
78.2%
2002
Maryland
78.2%
2008
Villanova
77.8%
2002
Illinois
77.6%
2001
Illinois
77.6%
2004
Georgia Tech
77%
2006
Bradley
76.1%
2008
Davidson
75.7%
2003
Marquette
72.1%
2008
UNLV
71.9%
2002
Oregon
71.9%
1993
Indiana
67.9%
2009
Dayton
67.2%
1993
California
61.1%
2003
Arizona State
59.8%
Year
Opponent
% Correct
2002
Stanford
59.4%
1995
Virginia
59.2%
1998
Rhode Island
59%
1997
Purdue
58.6%
1994
Purdue
58.6%
2009
North Dakota State
57.7%
1992
UTEP
55.6%
2004
UAB
52.9%
2002
Holy Cross
52.6%
2007
Southern Illinois
52%
1994
Wake Forest
49.5%
2008
Portland State
47.6%
2003
Utah State
44.2%
2000
DePaul
42.5%
1993
BYU
37.4%
2004
Pacific
34.9%
1995
Western Kentucky
27.9%
2007
Niagara
27.7%
2004
UIC
26.8%
1992
Howard
21.8%
1998
Prairie View A&M
21.1%
1999
Evansville
20.9%
1997
Jackson State
19.9%
1996
Santa Clara
19.2%
1993
Ball State
19%
2001
CS - Northridge
18.2%
1995
Colgate
15%
1996
South Carolina State
14.6%
1994
UT-Chattanooga
12.1%
Quiz Playlist
Details
Report
Send in Message
Add To Playlist
Classic:
Type in answers that appear in a list
Last Updated: Feb 16, 2017
Quiz Scoreboard
CHALLENGE
Sign Up to Join the Scoreboard
Show All
Scores
Hide
Comments
May contain spoilers
Recently Published
Find the 'City' Movie
by crazypaving
Movies
60s
5x2 Blitz: Bands
by SL_Kpop136
Music
30s
Colored Red Africa Blitz
by spor1
Geography
30s
More to Explore
Quiz From the Vault
Featured Blog Post
14 Easter Pick-up Lines to Find Eggs With
hide this ad
You Might Also Like...
Tags
NCAA Quiz
1992
opponent
site
Tournament
Today's Top Quizzes in Sports
Browse Sports
hide this ad
Today's Top Quizzes in NCAA
Browse NCAA
Top Contributed Quizzes in Sports
1
Players with Multiple 50 Home Run Seasons
2
Who Needs Fielders?
3
Criteria MLB: Left Handed Sluggers
4
MLB Players with Two .350 Batting Average Seasons
5
Who Hit More Homers?
6
2020 F1 Drivers Logic Puzzle
7
NBA Teammate Connections
8
Premier League Clubs since 2000 (minefield)
9
MLB Teams by First Game
10
Top 10 NHL Goal Scorers of All Time
Explore More
Trending Topics
Disney
Crossword
Anime
Kpop
Harry Potter
NBA
Marvel
The Office
Pokémon
Soccer
Country
NFL
WWE
Song
Puzzle
hide this ad
More By:
LaBradford22
Quiz
Plays
Rating
Category
Featured
Created
Business Week MBA school rankings
894
4.00
Miscellaneous
Jan 7, 2010
105 counties in Kansas
690
4.00
Geography
Feb 22, 2010
College football bowl victories
552
5.00
Sports
Jan 7, 2010
Kansas NCAA tournament opponents
473
3.00
Sports
Feb 22, 2010
NCAA Tournament #1 seed chokes
382
4.00
Sports
Mar 31, 2010
Go to Creator's Profile
Score Distribution
Quiz Creator Spotlight
LaBradford22
Follow
Send a Message
Quizzes Created
-
Created Quiz Play Count
-
More By This Creator
Popular Quizzes Today
1
Find the 'City' Movie
2
5x2 Blitz: Bands
3
Colored Red Africa Blitz
4
Find the US States - No Outlines Minefield
5
The Countries of the World
6
Find the US States
7
9x9 Crossword: Cartoon Network
8
US States
More Sports Quizzes
Every Brazil Goalscorer for Tite
Quiz Lab
Trending Quizzes
Colored Red Africa Blitz II
Colored Red Europe Blitz I
Colored Red Africa Blitz III
Colored Red Europe Blitz II
Colored Red Europe Blitz III
Recently Updated
Champions League XIs: Real Madrid
pecheneg
Largest US Cities 1790-2010
pecheneg
Rides in Walt Disney World
pecheneg
Most Oscar Losses (Acting)
pecheneg
Beyoncé Albums
pecheneg
Leaping Animals
pecheneg
Reality TV Shows (A-Z)
bhenderson79
Rickey Henderson's Hall of Fame Teammates
pecheneg
Champions League XIs: Arsenal
pecheneg
Quick Pick: Celebrities in WWE's Hall of Fame
aduchscher
Trending Topics
Crossword
Marvel
Harry Potter
NBA
Kpop
Anime
Disney
Pokémon
WWE
Soccer
The Office
Puzzle
Country
Song
NFL
Your Account Isn't Verified!
In order to create a playlist on Sporcle, you need to verify the email address you used during registration. Go to your
Sporcle Settings
to finish the process.
Report this User
Report this user for behavior that violates our
Community Guidelines
.
Details:
Send Report
Go to the Sporcle.com Mobile Site →
Comments